000 00512nam a2200169 4500
001 127604
003 ES-MaACL
005 20230906193039.0
007 t|
008 070214s1972 sp r ||||1| spa d
100 1 _aRiudor, Ignacio.
_997510
245 1 0 _aIglesia de Dios, Iglesia de los hombres /
_cIgnacio Riudor, S. J.
260 _aMadrid [etc.] :
_bApostolado de la Prensa [etc.],
_c1972.
300 _a1 v. ;
_c21 cm.
710 2 _aApostolado de la Prensa.
_91403
852 _aES-MaACL
_jP-1705
_bR.83184
999 _c127604
_d127604